La ciencia tímida. (Registro nro. 461)

Detalles MARC
000 -LEADER
fixed length control field 01526 am a2200361 a 4500
005 - FECHA ULTIMA MODIFICACION
control field 20240222134558.0
008 - CAMPO DE CONTROL (LIBRO)
fixed length control field 100701s2000||||ag # f |||| 001 0 spa d
020 ## - INTERNATIONAL STANDARD BOOK NUMBER
ISBN 9508920955
041 ## - CODIGO DE IDIOMA
Código de idioma del texto/pista de sonido o título separado spa
092 ## - SIGNATURA TOPOGRAFICA DEWEY LOCAL
número de clasificación 614.4072
libristica 3
sección ALM
100 1# - ENTRADA PRINCIPAL--NOMBRE PERSONAL
Nombre personal Almeida-Filho, Naomar de.
9 (RLIN) 1108
245 #3 - TITULO PROPIAMENTE DICHO
Título La ciencia tímida.
Subtítulo y Título paralelo Ensayos de deconstrucción de la epidemiología /
Mención de responsabilidad y remanente de la transcripción de la portada Naomar de Almeida-Filho.
250 ## - MENCION DE EDICION
Mención de edición 1a ed.
Mención de responsabilidad relacionada con la ed. Traducción Marcio Alazraqui.
260 ## - PIE DE IMPRENTA
Lugar de publicación, distribución, etc Buenos Aires:
Nombre de la editorial, distribuidor, etc Lugar Editorial;
Fecha de publicación 2000.
300 ## - DESCRIPCION FISICA
Extension 327 p.
500 ## - NOTA GENERAL
Nota general Almeida-Filho, N. (2000). La ciencia tímida. Ensayos de deconstrucción de la epidemiología. (1a ed.). Buenos Aires : Lugar Editorial.
590 ## - NOTAS LOCALES (RLIN)
Nota local Donación Editorial Lugar, Nov. 2005
653 ## - TÉRMINO INDIZADO - PALABRAS CLAVES
Palabra clave Crítica teórica de la espistemología
653 ## - TÉRMINO INDIZADO - PALABRAS CLAVES
Palabra clave Epistemología, pragmatismo y realismo científico
653 ## - TÉRMINO INDIZADO - PALABRAS CLAVES
Palabra clave Crónica histórica de una ciencia tímida
653 ## - TÉRMINO INDIZADO - PALABRAS CLAVES
Palabra clave Riesgo: objeto-modelo de la epistemología
653 ## - TÉRMINO INDIZADO - PALABRAS CLAVES
Palabra clave Clínica y epistemología: dos reinas, dos reinos, una lucha
653 ## - TÉRMINO INDIZADO - PALABRAS CLAVES
Palabra clave Epistemologías sociales (o la paradoja de una redundancia)
653 ## - TÉRMINO INDIZADO - PALABRAS CLAVES
Palabra clave Epistemología del modo de vida
653 ## - TÉRMINO INDIZADO - PALABRAS CLAVES
Palabra clave Superación del positivismo epistemológico
653 ## - TÉRMINO INDIZADO - PALABRAS CLAVES
Palabra clave Metodología epistemológica
653 ## - TÉRMINO INDIZADO - PALABRAS CLAVES
Palabra clave Epistemología y sus paradigmas
653 ## - TÉRMINO INDIZADO - PALABRAS CLAVES
Palabra clave Deconstrucción del concepto de riesgo
653 ## - TÉRMINO INDIZADO - PALABRAS CLAVES
Palabra clave Deconstrucción del causalismo epistemológico
653 ## - TÉRMINO INDIZADO - PALABRAS CLAVES
Palabra clave Nuevos objetos, nueva epistemología
930 ## - NUMERO DE INVENTARIO
Número de inventario 1356
942 ## - ADDED ENTRY ELEMENTS (KOHA)
Source of classification or shelving scheme Dewey Decimal Classification
Item type Libros
Existencias
Estado de retiro Existencia Estado general No para prestamo Ubicación permanente ubicación actual Sala de ubicación Fecha de adquisición Total Checkouts Número de clasificación Código de barras Date last seen Número de ejemplar Price effective from Koha tipo de elemento (item)
        Biblioteca Medicina Biblioteca Medicina Circulación 13/05/2011   614.4072 3 ALM 1356 06/11/2014 ej.1 13/05/2011 Libros

UNIVERSIDAD NACIONAL DEL COMAHUE
Biblioteca de la Facultad de Ciencias Médicas
Sede Toschi: Los Arrayanes y Av. Toschi, Cipolletti  - Rio Negro
Sede Los Tordos:  Yrigoyen al 2211, Cipolletti - Rio Negro 

Teléfono: 0299 - 4774707 int 25
Contacto: biblioteca@facimed.uncoma.edu.ar
© 2011 - 2026